00433nam a2200193Ia 4500003000900000008004100009040001300050040001300063041000800076100001700084100000800101245006500109250000900174260002100183260000900204300000800213490001200221490000600233IT-RoPAU120407s9999 xx 000 0 und d aIT-RoPAU cIT-RoPAU aita aT. de Ruiter cofm aIl segreto della vita religiosa. Teologia dei voti religiosi aAlba aEdizioni Paoline c1963 c cm aAlere I v1